|
|
|
|
| LEADER |
00000nam0a2200000 4500 |
| 001 |
354163 |
| 005 |
20231102010650.0 |
| 035 |
|
|
|a (RuTPU)RU\TPU\retro\11421
|
| 035 |
|
|
|a RU\TPU\retro\10898
|
| 090 |
|
|
|a 354163
|
| 100 |
|
|
|a 20200617d1963 k y0rusy50 ca
|
| 101 |
0 |
|
|a rus
|
| 102 |
|
|
|a RU
|
| 105 |
|
|
|a y z 000zy
|
| 200 |
1 |
|
|a Тараскырский магматический комплекс плагиогранитов и кварцевых кератофиров в Западном Саяне
|e [оттиск статьи]
|f С. Л. Халфин
|
| 210 |
|
|
|a Новосибирск
|c Изд-во Сибирского отделения АН СССР
|d 1963
|
| 215 |
|
|
|a С. 107-112
|c табл.
|
| 225 |
1 |
|
|a Труды института геологии и геофизики СО АН СССР
|h Вып. 33
|
| 316 |
|
|
|5 63413507: ШкА2/426
|a На с. 107 дарственная надпись: "В Научно-техническую библиотеку Томского политехнического института"
|
| 320 |
|
|
|a Библиогр.: с. 112
|
| 606 |
1 |
|
|a Петрология
|x Исследования
|2 stltpush
|3 (RuTPU)RU\TPU\subj\48711
|9 67557
|
| 610 |
1 |
|
|a коллекция ТПУ
|
| 610 |
1 |
|
|a труды учёных ТПУ
|
| 610 |
1 |
|
|a дарственная надпись
|
| 610 |
1 |
|
|a дары автора
|
| 610 |
1 |
|
|a дары библиотеке
|
| 610 |
1 |
|
|a оттиски
|
| 610 |
1 |
|
|a породы
|
| 610 |
1 |
|
|a распространение
|
| 610 |
1 |
|
|a отложения
|
| 610 |
1 |
|
|a состав
|
| 610 |
1 |
|
|a пересчет
|
| 610 |
1 |
|
|a химический анализ
|
| 675 |
|
|
|a 552.08
|v 3
|
| 700 |
|
1 |
|a Халфин
|b С. Л.
|
| 801 |
|
1 |
|a RU
|b 63413507
|c 20200525
|
| 801 |
|
2 |
|a RU
|b 63413507
|c 20200617
|g RCR
|
| 942 |
|
|
|c BK
|